Szeged-Szabadka orvosi szimpozion

Elmentve itt :
Bibliográfiai részletek
Dokumentumtípus: Cikk
Megjelent: 1968-02-01
Sorozat:Délmagyarország 58 No. 26
Kulcsszavak:Vathy István, Szontágh Ferenc, Orvostudomány előadás Szeged 1968, Szabadka
Online Access:http://dmarchiv.bibl.u-szeged.hu/71036
LEADER 00467nab a2200145 i 4500
001 delm71036
005 20180928082404.0
008 180928s1968 hu o 0|| hun d
040 |a SZTE Délmagyarország Archívum  |b hun 
041 |a hun 
245 0 0 |a Szeged-Szabadka orvosi szimpozion  |h [elektronikus dokumentum] 
260 |c 1968-02-01 
300 |a 3 
490 0 |a Délmagyarország  |v 58 No. 26 
695 |a Vathy István, Szontágh Ferenc, Orvostudomány előadás Szeged 1968, Szabadka